000 00421nam a22001697a 4500
005 20160613144158.0
008 160613b xxu||||| |||| 00| 0 eng d
020 _a81-7273-227-9
041 _aeng
082 _b7262
100 _aSharma, Usla
_91801
245 _aWoman in South Asia employment emprovment and Human Development
260 _bAuthor Press
300 _a282
650 _aManagement
_9241
942 _cBK
999 _c2529
_d2528